00765 2200253 4500001002100000005001500021035002000036007000300056008004100059020002200100082001100122084001700133100003600150245010200186250001000288300003800298650001800336700002500354264004600379336002100425337003000446338002300476990001200499INLIS00000000000044620250729094628 a0010-0725000018ta250729 0 ind  a978-623-164-950-8 a155.25 a155.25 KIN g0 aKinanti Linda RahayuePengarang1 aGagal Lagi, Bangkit Lagi :bMerangkul Kegagalan Untuk Mencapai Kesuksesan /cKinanti Linda Rahayu acet 1 avii, 168 halaman :bilus ;c19 cm 4aMotivasi Diri0 aAsa ResaePenyunting aYogyakarta :bAnak Hebat Indonesia,c2024 2rdacontentateks 2rdamediaatanpa perantara 2rdacarrieravolume a25.0375